000 00999nmc a2200289 a 4500
003 AR-BaBNM
005 20251128204019.0
008 057019s1976 ||||||||||||||000 | spa||
040 _cAR-BaBNM
110 2 _aInstitut National de Recherche et de Documentation Pédagogiques
_bService des Etudes et Recherches Pedagogiques
245 1 0 _aMathématiques au cours préparatoire
_bcompte rendu d'une expérimentation : représentations ensemblistes
260 _aNancy
_bINRDP
_c1976
300 _a195 p.
_bil., diagr., tablas
490 0 _aRecherches pédagogiques
_vv. 81
500 _aINRDP: INSTITUT NATIONAL DE RECHERCHE ET DE DOCUMNETATION PEDAGOGIQUES
650 4 _aENSEÑANZA DE LAS MATEMATICAS
650 4 _aARITMETICA
650 4 _aTECNICAS DIDACTICAS
650 4 _aMATEMATICA
651 4 _aFrancia
653 _aINVESTIGACION EDUCATIVA
653 _aEDUCACION SECUNDARIA
653 _aEDUCACION PRIMARIA
700 1 _aColomb, J.
_eprologuista
942 _cBK
998 _csilvi
999 _c5811
_d5811